| 000 | 00622nam a22001577a 4500 | ||
|---|---|---|---|
| 999 |
_c5908 _d5908 |
||
| 008 | 161129b xxu||||| |||| 00| 0 eng d | ||
| 022 | _a9770118389007 | ||
| 082 | _aDPer 330.5 P53 June-Dec 2014 v51 n1 & 2 | ||
| 100 |
_917899 _aDiokno, Benjamin E. |
||
| 245 |
_aRecent Philippine budget reforms: _bseparating the chaff from the grain, the whimsical from the real/ _cBenjamin E. Diokno. |
||
| 260 |
_aPhilippines: _bUP School of Economics/ The Phil. Economic Society, _c©2014. |
||
| 300 |
_av51 n1, pages 60-83; _c24 cm. |
||
| 500 | _aPhilippine review of economics. | ||
| 650 | 0 |
_917900 _aBudget |
|
| 942 |
_2ddc _cPER |
||